| 000 | 00688nam a22001937a 4500 | ||
|---|---|---|---|
| 082 |
_a624.151 _bPRO _cL-37, P-73 |
||
| 245 |
_aProceedings seventh International Congress International Association of Engineering Geology _cR.Oliverira |
||
| 260 |
_aUSA _bR.Oliverira _c1994 |
||
| 300 |
_axvi, 1273 _bill. _c37cm |
||
| 526 |
_a0 _b0 _c0 _d624_151000000000000_PRO |
||
| 526 |
_a0 _b0 _c0 _d624_151000000000000_PRO |
||
| 526 |
_a0 _b0 _c0 _d624_151000000000000_PRO |
||
| 526 |
_a0 _b0 _c0 _d624_151000000000000_PRO |
||
| 526 |
_a0 _b0 _c0 _d624_151000000000000_PRO |
||
| 526 |
_a0 _b0 _c0 _d624_151000000000000_PRO |
||
| 526 |
_a0 _b0 _c0 _d624_151000000000000_PRO |
||
| 650 |
_aMCE _9379 |
||
| 942 |
_2ddc _cBK |
||
| 999 |
_c550606 _d550606 |
||